| 000 | 01295nam0a2200301 i 4500 | ||
|---|---|---|---|
| 001 | RU\NLR\BIBL_A\011340606 | ||
| 005 | 20241114175351.0 | ||
| 010 |
_a9785444200834 _9100 |
||
| 021 |
_aRU _b2017-9320 _9683 |
||
| 035 | _a(NLR Aleph) 011340606 | ||
| 090 |
_a11190437 _c11190437 |
||
| 100 | _a20170306d2016 k y0rusy50 ca | ||
| 101 | 0 | _arus | |
| 102 | _aRU | ||
| 105 | _aa z 000zy | ||
| 200 | 1 |
_aПроектирование высокоэффективных процессов зубодолбления неэвольвентных профилей _eмонография _fР.В. Анисимов, А.С. Тарапанов |
|
| 210 |
_aМосква _cСпектр _d2016 |
||
| 215 |
_a174 с. _cил. _d20 |
||
| 320 | _aБиблиогр.: с. 160-173 (103 назв.) | ||
| 606 |
_aЗубодолбление _xТехнологическое проектирование _92320684 _3RU\NLR\AUTH\6601613264 |
||
| 606 |
_aЗубчатые зацепления неэвольвентные _92108569 _3RU\NLR\AUTH\661578084 |
||
| 686 | 1 | _aК635.001.455-2 | |
| 700 | 1 |
_aАнисимов _bР.В. _gРоман Викторович |
|
| 701 | 1 |
_aТарапанов _bА. С _gАлександр Сергеевич |
|
| 942 | _cBOOK | ||
| 980 | _aNBR | ||